|
|
|
|
| LEADER |
00000nam0a2200000 4500 |
| 001 |
121220 |
| 005 |
20231101215649.0 |
| 020 |
|
|
|a RU
|b 87-32127
|
| 035 |
|
|
|a (RuTPU)RU\TPU\book\131281
|
| 090 |
|
|
|a 121220
|
| 100 |
|
|
|a 20070911d1987 m y0rusy5003 ca
|
| 101 |
0 |
|
|a rus
|
| 102 |
|
|
|a RU
|
| 105 |
|
|
|a a z 000ay
|
| 200 |
1 |
|
|a Новь
|e Рассказы. Роман
|f И. С. Тургенев
|g авт. послесл. В. А. Чалмаева; худож. В. И. Акиншин
|
| 210 |
|
|
|a Тула
|c Приокское кн. изд-во
|d 1987
|
| 215 |
|
|
|a 477,[2] с., [1] л. портр.
|c ил.
|d 21 см
|
| 225 |
1 |
|
|a Отчий край
|
| 327 |
1 |
|
|a Содерж.: Новь: Роман; Рассказы: Стук... стук... стук!.; Часы; Сон; Рассказ отца Алексея; Отрывки из воспоминаний - своих и чужих; Песнь торжествующей любви; Клара Милич
|
| 610 |
1 |
|
|a русская литература
|
| 610 |
1 |
|
|a романы
|
| 610 |
1 |
|
|a рассказы
|
| 675 |
|
|
|a Р1
|z rus
|
| 700 |
|
1 |
|a Тургенев
|b И. С.
|c русский писатель
|f 1818-1883
|g Иван Сергеевич
|2 stltpush
|3 (RuTPU)RU\TPU\pers\1039
|9 462
|
| 702 |
|
1 |
|a Чалмаева
|b В. А.
|4 075
|
| 702 |
|
1 |
|a Акиншин
|b В. И.
|4 440
|
| 801 |
|
0 |
|a RU
|b RuMRKP
|c 19950417
|g psbo
|
| 801 |
|
1 |
|a RU
|b 63413507
|c 20070911
|g PSBO
|
| 801 |
|
2 |
|a RU
|b 63413507
|c 20070911
|g PSBO
|
| 942 |
|
|
|c BK
|